Economics in the long view

সংরক্ষণ করুন:
গ্রন্থ-পঞ্জীর বিবরন
প্রধান লেখক: Kindleberger, Charles P.
বিন্যাস: গ্রন্থ
ভাষা:Undetermined
প্রকাশিত: London The MacMillan Press, Ltd. 1982
বিষয়গুলি:
ট্যাগগুলো: ট্যাগ যুক্ত করুন
কোনো ট্যাগ নেই, প্রথমজন হিসাবে ট্যাগ করুন!
Thư viện lưu trữ: Trung tâm Học liệu Trường Đại học Cần Thơ
LEADER 00475nam a2200169Ia 4500
001 CTU_79583
008 210402s9999 xx 000 0 und d
082 |a 330.9 
082 |b K51/Vol.3 
100 |a Kindleberger, Charles P. 
245 0 |a Economics in the long view 
245 0 |c Charles P. Kindleberger 
260 |a London 
260 |b The MacMillan Press, Ltd. 
260 |c 1982 
650 |a Economic history 
980 |a Trung tâm Học liệu Trường Đại học Cần Thơ